Mapa del Imperio de Marruecos (Moghrel el aksá) (Record no. 51608)
[ view plain ]
| 000 -LEADER | |
|---|---|
| campo de control de longitud fija | 00515nam a2200145 i 4500 |
| 001 - NÚMERO DE CONTROL | |
| campo de control | 51608 |
| 003 - IDENTIFICADOR DE NÚMERO DE CONTROL | |
| campo de control | ES-MaACL |
| 007 - CAMPO FIJO DE DESCRIPCIÓN FÍSICA--INFORMACIÓN GENERAL | |
| campo de control de longitud fija | t| |
| 008 - DATOS DE LONGITUD FIJA--INFORMACIÓN GENERAL | |
| campo de control de longitud fija | 030814s1907 sp ||||1| spa d |
| 100 1# - ENTRADA PRINCIPAL--NOMBRE DE PERSONA | |
| Nombre de persona | Chias y Carbó, Benito. |
| 9 (RLIN) | 38472 |
| 245 10 - MENCIÓN DEL TÍTULO | |
| Título | Mapa del Imperio de Marruecos (Moghrel el aksá) |
| Resto del título | : trazado a la vista de los datos más recientes / |
| Mención de responsabilidad, etc. | por Benito Chias y Carbó. |
| 260 ## - PUBLICACIÓN, DISTRIBUCIÓN, ETC. | |
| Lugar de publicación, distribución, etc. | Barcelona : |
| Nombre del editor, distribuidor, etc. | Establecimiento Editorial de Alberto Martín, |
| Fecha de publicación, distribución, etc. | 1907. |
| 500 ## - NOTA GENERAL | |
| Nota general | Escala de 1 x 3.000.000. |
| 852 ## - LOCALIZACIÓN | |
| Ubicación | ES-MaACL |
| Número de control de estantería | G-10072 |
| Estatus retirado | Estado de pérdida | Estado de daño | No para préstamo | Biblioteca de origen | Biblioteca actual | Ubicación en estantería | Fecha de adquisición | Fuente de adquisición | Total de préstamos | Signatura topográfica completa | Código de barras | Visto por última vez | Precio de reemplazo | Tipo de ítem Koha |
|---|---|---|---|---|---|---|---|---|---|---|---|---|---|---|
| Biblioteca del Ateneo de Madrid | Biblioteca del Ateneo de Madrid | Sala Pecera Planta 3 | 17/01/2008 | G-10072 | 1054273 | 23/02/2023 | 23/02/2023 | Libro impreso |
